[Event "Seville op 29th"]
[Site "Seville"]
[Date "2004.01.14"]
[Round "6"]
[White "Suba, Mihai"]
[Black "Maus, Siegfried"]
[Result "1-0"]
[WhiteElo "2522"]
[BlackElo "2265"]
[PlyCount "77"]
[EventDate "2004.01.09"]
[EventType "swiss"]
[EventRounds "9"]
[EventCountry "ESP"]
[SourceTitle "CBM 098 Extra"]
[Source "ChessBase"]
[SourceDate "2004.03.10"]
[SourceVersion "2"]
[SourceVersionDate "2004.03.10"]
[SourceQuality "1"]

1. c4 e5 2. g3 Nc6 3. Bg2 Nf6 4. Nf3 Be7 5. Nc3 d6 6. d4 0-0 7. 0-0 a6 8. h3 Rb8 9. Be3 Re8 10. Qc2 exd4 11. Nxd4 Nxd4 12. Bxd4 c6 13. Rfd1 Qc7 14. Rac1 Be6 15. Qd3 Rbd8 16. Nd5 Bxd5 17. cxd5 c5 18. b4 Nd7 19. a4 Qb6 20. bxc5 dxc5 21. Rb1 Qd6 22. Ba1 Rb8 23. f4 Bd8 24. e4 f6 25. h4 Bb6 26. Kh2 Bc7 27. Bh3 b6 28. Bxd7 Qxd7 29. d6 Bd8 30. Qd5+ Kh8 31. e5 f5 32. Re1 Re6 33. Rec1 Rh6 34. Kg2 Rg6 35. h5 Rh6 36. Rxc5 Qe8 37. Qd1 Rxh5 38. d7 Qg6 39. Qd6 1-0

[Event "Seville op 28th"]
[Site "Seville"]
[Date "2003.01.12"]
[Round "3"]
[White "Maus, Siegfried"]
[Black "Cabrera Pino, Alexis"]
[Result "1-0"]
[WhiteElo "2280"]
[BlackElo "2478"]
[PlyCount "143"]
[EventDate "2003.01.10"]
[EventType "swiss"]
[EventRounds "9"]
[EventCountry "ESP"]
[SourceTitle "CBM 092 Extra"]
[Source "ChessBase"]
[SourceDate "2003.03.07"]
[SourceVersion "1"]
[SourceVersionDate "2003.03.07"]
[SourceQuality "1"]

1. d4 Nf6 2. Nf3 g6 3. Bg5 Bg7 4. c3 b6 5. Nbd2 Bb7 6. e3 d6 7. Be2 Nbd7 8. 0-0 h6 9. Bh4 g5 10. Bg3 Nh5 11. a4 a6 12. Qb1 e6 13. b4 0-0 14. a5 b5 15. c4 bxc4 16. Bxc4 g4 17. Bh4 Qe8 18. Ne1 c5 19. bxc5 dxc5 20. Nc2 cxd4 21. Nxd4 Ne5 22. Ra3 Ra7 23. Be2 Ng6 24. Bg3 Nxg3 25. hxg3 Ne5 26. Rc1 Qa8 27. Bf1 Rd8 28. Rb3 Bd5 29. Rb6 Nd7 30. Rb2 Rc8 31. Rxc8+ Qxc8 32. Rc2 Qd8 33. Qb4 Bf8 34. Qc3 Nc5 35. Nc4 Ne4 36. Qe1 Bc5 37. Nb3 Rc7 38. Qd1 Qg5 39. Nxc5 Nxc5 40. Rb2 Rd7 41. Rb8+ Rd8 42. Rxd8+ Qxd8 43. Qxg4+ Kf8 44. Qd4 Nb3 45. Qh8+ Ke7 46. Qxh6 Bxc4 47. Qh4+ f6 48. Qxc4 Nxa5 49. Qxa6 Qc7 50. Qd3 Qc5 51. g4 Nc6 52. Qb5 Qd6 53. g5 Kf7 54. gxf6 Kxf6 55. Qd3 Qe5 56. Qh7 Qg5 57. Be2 Qa5 58. Qh4+ Kg7 59. Qg4+ Kf6 60. Qf3+ Ke7 61. Qxc6 Qa1+ 62. Bf1 Kf6 63. Qe8 Qe1 64. Qf8+ Kg6 65. g3 Qb1 66. Kg2 Qc2 67. Bb5 Qe4+ 68. Qf3 Qb4 69. Be8+ Kg7 70. Qf7+ Kh8 71. Qf6+ Kh7 72. Bg6+ 1-0

[Event "Oberliga NRW 9495 II"]
[Site "Germany"]
[Date "1995.??.??"]
[Round "5.4"]
[White "Kuehn, Markus"]
[Black "Maus, Siegfried"]
[Result "0-1"]
[WhiteElo "2270"]
[BlackElo "2300"]
[PlyCount "74"]
[EventDate "1994.10.??"]
[EventType "team"]
[EventRounds "9"]
[EventCountry "GER"]
[SourceTitle "GER"]
[Source "ChessBase"]
[SourceDate "1999.07.01"]
[SourceVersion "1"]
[SourceVersionDate "1999.07.01"]
[SourceQuality "1"]
[WhiteTeam "Hochheide"]
[BlackTeam "Koeln KKS"]
[WhiteTeamCountry "GER"]
[BlackTeamCountry "GER"]

1. d4 Nf6 2. c4 c5 3. Nf3 cxd4 4. Nxd4 e6 5. g3 Qa5+ 6. Nd2 Qb6 7. N4b3 a5 8. e3 Nc6 9. Nf3 a4 10. Nbd4 Ne4 11. Nb5 Bb4+ 12. Bd2 Nxd2 13. Nxd2 Ne5 14. Be2 0-0 15. 0-0 d5 16. cxd5 exd5 17. Kg2 Rd8 18. Nd4 Bc5 19. N2f3 Nxf3 20. Bxf3 Qxb2 21. Qd3 Qb6 22. Rfd1 Qf6 23. Qe2 Ra6 24. Rac1 Ba3 25. Rb1 Qh6 26. Bg4 Rb6 27. Nb5 Bc5 28. Nc3 Rxb1 29. Rxb1 Bxg4 30. Qxg4 d4 31. Nxa4 Qc6+ 32. Qf3 Qxa4 33. Rxb7 Qxa2 34. exd4 Bxd4 35. h4 g6 36. h5 gxh5 37. Qf5 Qd5+ 0-1

[Event "Oberliga NRW 9495 II"]
[Site "Germany"]
[Date "1994.??.??"]
[Round "1.4"]
[White "Glettenberg, Joerg"]
[Black "Maus, Siegfried"]
[Result "0-1"]
[WhiteElo "2195"]
[BlackElo "2300"]
[PlyCount "62"]
[EventDate "1994.10.??"]
[EventType "team"]
[EventRounds "9"]
[EventCountry "GER"]
[SourceTitle "GER"]
[Source "ChessBase"]
[SourceDate "1999.07.01"]
[SourceVersion "1"]
[SourceVersionDate "1999.07.01"]
[SourceQuality "1"]
[WhiteTeam "Bielefeld"]
[BlackTeam "Koeln KKS"]
[WhiteTeamCountry "GER"]
[BlackTeamCountry "GER"]

1. Nf3 Nf6 2. g3 b6 3. Bg2 Bb7 4. 0-0 e6 5. d3 Be7 6. e4 d6 7. Nbd2 0-0 8. Re1 c5 9. Nf1 Qc7 10. Bf4 Nc6 11. c3 Ne5 12. d4 Ng6 13. e5 dxe5 14. dxe5 Ng4 15. Qe2 Nxf4 16. gxf4 Nh6 17. Ng3 Nf5 18. Nxf5 exf5 19. Rad1 Bc6 20. Ng5 h6 21. Bxc6 Qxc6 22. Nf3 Qa4 23. e6 Qxf4 24. Rd7 Bf6 25. e7 Rfe8 26. Kf1 Qg4 27. Qd3 f4 28. Qd5 Qh3+ 29. Kg1 g5 30. Ne5 Bxe5 31. Rxe5 f3 0-1

[Event "Oberliga NRW 9394 II"]
[Site "Germany"]
[Date "1994.??.??"]
[Round "?"]
[White "Lehmann, Holger"]
[Black "Maus, Siegfried"]
[Result "0-1"]
[WhiteElo "2105"]
[BlackElo "2305"]
[PlyCount "126"]
[EventDate "1993.10.??"]
[EventType "team"]
[EventRounds "9"]
[EventCountry "GER"]
[SourceTitle "GER"]
[Source "ChessBase"]
[SourceDate "1999.07.01"]
[SourceVersion "1"]
[SourceVersionDate "1999.07.01"]
[SourceQuality "1"]

1. d4 Nf6 2. c4 c5 3. d5 b5 4. cxb5 a6 5. e3 g6 6. Nc3 Bg7 7. a4 0-0 8. Nf3 d6 9. e4 Nbd7 10. Be2 axb5 11. Bxb5 Ba6 12. Bxa6 Rxa6 13. 0-0 Qa5 14. Qc2 Rb8 15. Nd2 Ra7 16. Ra2 Qa6 17. b3 Ne5 18. Ba3 Qd3 19. Qxd3 Nxd3 20. Rc2 Bh6 21. Ncb1 Ng4 22. Rc3 Nf4 23. Kh1 Bg7 24. Rf3 Ne2 25. g3 Nd4 26. Rd3 f5 27. exf5 gxf5 28. f4 Nf6 29. b4 cxb4 30. Rxd4 bxa3 31. Nxa3 Ne4 32. Rd3 Nxd2 33. Rxd2 Rxa4 34. Rd3 Rb2 35. Rfd1 Ra2 36. Nb5 Rb4 37. Nd4 Bxd4 38. Rxd4 Rbb2 39. R4d3 Rxh2+ 40. Kg1 Kf7 41. Re3 Rag2+ 42. Kf1 Rd2 43. Rxd2 Rxd2 44. Re6 Rxd5 45. Rh6 e5 46. fxe5 dxe5 47. Rxh7+ Kg6 48. Re7 Kf6 49. Re8 Rd2 50. Rf8+ Kg6 51. Ke1 Ra2 52. Kf1 Kg5 53. Rg8+ Kf6 54. Re8 Rb2 55. Kg1 e4 56. Kf1 Rb6 57. g4 Kg5 58. gxf5 Kf4 59. f6 Kf3 60. Ke1 Rxf6 61. Ra8 Rb6 62. Ra7 Rb1+ 63. Kd2 e3+ 0-1

[Event "Oberliga NRW 9495 II"]
[Site "Germany"]
[Date "1994.??.??"]
[Round "3.5"]
[White "Maus, Siegfried"]
[Black "Kroeger, Fabian"]
[Result "0-1"]
[WhiteElo "2300"]
[BlackElo "2100"]
[PlyCount "70"]
[EventDate "1994.10.??"]
[EventType "team"]
[EventRounds "9"]
[EventCountry "GER"]
[SourceTitle "GER"]
[Source "ChessBase"]
[SourceDate "1999.07.01"]
[SourceVersion "1"]
[SourceVersionDate "1999.07.01"]
[SourceQuality "1"]
[WhiteTeam "Koeln KKS"]
[BlackTeam "Neuenkirchen"]
[WhiteTeamCountry "GER"]
[BlackTeamCountry "GER"]

1. e4 c5 2. Nf3 d6 3. d4 cxd4 4. Nxd4 Nf6 5. Nc3 g6 6. Be3 Bg7 7. Be2 0-0 8. f4 Nc6 9. Nb3 Be6 10. g4 Na5 11. f5 Bc4 12. e5 Ne8 13. exd6 Nxd6 14. 0-0 Bxe2 15. Qxe2 Nac4 16. Bg5 Qb6+ 17. Rf2 Qc6 18. Bxe7 Rfe8 19. f6 Bh6 20. Rd1 Nxb2 21. Rxd6 Qxc3 22. Kg2 Rac8 23. Qb5 Nc4 24. Rd3 Ne3+ 25. Kf3 Qe1 26. g5 Nd1 27. Rg2 Bf8 28. Qxb7 Bxe7 29. fxe7 Rc4 30. Nd4 Rxd4 31. Rxd4 Qe3+ 32. Kg4 Qxd4+ 33. Kh3 Nf2+ 34. Kg3 Ne4+ 35. Kh3 Qe3+ 0-1

[Event "Oberliga NRW 9394 II"]
[Site "Germany"]
[Date "1994.??.??"]
[Round "?"]
[White "Maus, Siegfried"]
[Black "Kruse, Herbert"]
[Result "1-0"]
[WhiteElo "2305"]
[BlackElo "2205"]
[PlyCount "67"]
[EventDate "1993.10.??"]
[EventType "team"]
[EventRounds "9"]
[EventCountry "GER"]
[SourceTitle "GER"]
[Source "ChessBase"]
[SourceDate "1999.07.01"]
[SourceVersion "1"]
[SourceVersionDate "1999.07.01"]
[SourceQuality "1"]

1. e4 c5 2. Nf3 Nc6 3. d4 cxd4 4. Nxd4 Nf6 5. Nc3 e5 6. Ndb5 d6 7. Bg5 a6 8. Na3 b5 9. Nd5 Be7 10. Bxf6 Bxf6 11. c3 Ne7 12. Nc2 Nxd5 13. Qxd5 Rb8 14. Nb4 Bb7 15. Qd3 0-0 16. Be2 a5 17. Nd5 Bg5 18. 0-0 Bc6 19. Rfd1 g6 20. Bg4 Kh8 21. Qh3 Kg7 22. Qg3 h5 23. Bh3 Kh6 24. Qd3 Rb7 25. Ne3 Qb6 26. Qxd6 Bxe3 27. Qxf8+ Kg5 28. fxe3 Qxe3+ 29. Kh1 Qxe4 30. Re1 Qd3 31. Rxe5+ f5 32. Re6 Bd5 33. Qf6+ Kf4 34. Qh4# 1-0

[Event "Oberwart op"]
[Site "Oberwart"]
[Date "1994.??.??"]
[Round "8"]
[White "Schmittdiel, Eckhard"]
[Black "Maus, Siegfried"]
[Result "1/2-1/2"]
[WhiteElo "2495"]
[BlackElo "2300"]
[PlyCount "46"]
[EventDate "1994.07.??"]
[EventType "swiss"]
[EventRounds "9"]
[EventCountry "AUT"]
[SourceTitle "EXT 1998"]
[Source "ChessBase"]
[SourceDate "1997.11.17"]
[SourceVersion "1"]
[SourceVersionDate "1997.11.17"]
[SourceQuality "1"]

1. e4 e6 2. d4 d5 3. Nc3 Bb4 4. e5 Ne7 5. a3 Bxc3+ 6. bxc3 c5 7. a4 Qc7 8. Nf3 b6 9. Bb5+ Bd7 10. 0-0 Bxb5 11. axb5 0-0 12. Qd3 h6 13. dxc5 bxc5 14. c4 dxc4 15. Qxc4 Nd7 16. Qe4 Rfd8 17. Bd2 Rdb8 18. c4 Ng6 19. h3 Qb7 20. Qe2 a6 21. bxa6 Rxa6 22. Rxa6 Qxa6 23. Be3 Rb4 1/2-1/2

[Event "Luxembourg op 29th"]
[Site "Luxembourg"]
[Date "1990.??.??"]
[Round "4"]
[White "Hansen, Lars Bo"]
[Black "Maus, Siegfried"]
[Result "1-0"]
[WhiteElo "2460"]
[BlackElo "2320"]
[PlyCount "79"]
[EventDate "1990.06.??"]
[EventType "swiss"]
[EventRounds "9"]
[EventCountry "LUX"]
[SourceTitle "EXT 1997"]
[Source "ChessBase"]
[SourceDate "1996.11.15"]
[SourceVersion "1"]
[SourceVersionDate "1996.11.15"]
[SourceQuality "1"]

1. d4 Nf6 2. Nf3 c5 3. d5 e6 4. Nc3 exd5 5. Nxd5 Nxd5 6. Qxd5 Be7 7. e4 0-0 8. Bc4 d6 9. Bf4 Nd7 10. Qd2 Nb6 11. Bd3 Bg4 12. 0-0-0 Qe8 13. Kb1 c4 14. Be2 Rc8 15. c3 Bh5 16. Ka1 Bg6 17. Qe3 Qc6 18. Rhe1 Na4 19. Nd4 Qb6 20. Rd2 Bf6 21. Bg4 Rc5 22. Nf5 Bxf5 23. Bxf5 Rd8 24. Red1 g6 25. Bh3 Qb5 26. Qf3 Rc6 27. Rc2 Ra6 28. Be3 Qb3 29. Kb1 Qxa2+ 30. Kc1 Bg7 31. e5 Qb3 32. e6 Rf8 33. exf7+ Kh8 34. Kd2 Nxb2 35. Rb1 Ra2 36. Bg5 Qb6 37. Be7 d5 38. Bxf8 Bxf8 39. Qe3 d4 40. Qe5+ 1-0

[Event "Cologne IT"]
[Site "Cologne"]
[Date "1989.??.??"]
[Round "9"]
[White "Schaffarth, Peter"]
[Black "Maus, Siegfried"]
[Result "1/2-1/2"]
[WhiteElo "2240"]
[BlackElo "2330"]
[PlyCount "28"]
[EventDate "1989.01.06"]
[EventType "tourn"]
[EventRounds "9"]
[EventCountry "GER"]
[SourceTitle "EXT 2001"]
[Source "ChessBase"]
[SourceDate "2000.11.22"]
[SourceVersion "1"]
[SourceVersionDate "2000.11.22"]
[SourceQuality "1"]

1. c4 e5 2. Nc3 Nf6 3. Nf3 Nc6 4. e4 Bb4 5. d3 0-0 6. Be2 Ne8 7. 0-0 Bxc3 8. bxc3 d6 9. Rb1 b6 10. Ne1 Rb8 11. Nc2 f5 12. exf5 Bxf5 13. Ne3 Bg6 14. Bf3 Ne7 1/2-1/2

[Event "Cologne IT"]
[Site "Cologne"]
[Date "1989.??.??"]
[Round "4"]
[White "Schneider, Bernd"]
[Black "Maus, Siegfried"]
[Result "1/2-1/2"]
[WhiteElo "2470"]
[BlackElo "2330"]
[PlyCount "87"]
[EventDate "1989.01.06"]
[EventType "tourn"]
[EventRounds "9"]
[EventCountry "GER"]
[SourceTitle "EXT 2001"]
[Source "ChessBase"]
[SourceDate "2000.11.22"]
[SourceVersion "1"]
[SourceVersionDate "2000.11.22"]
[SourceQuality "1"]

1. c4 Nf6 2. Nc3 e5 3. g3 Bb4 4. Bg2 0-0 5. Nf3 Re8 6. 0-0 e4 7. Nd4 Nc6 8. Nc2 Bxc3 9. dxc3 h6 10. Ne3 d6 11. h3 Ne5 12. f4 exf3 13. exf3 Ned7 14. g4 a5 15. Qc2 Nc5 16. Bd2 a4 17. Rae1 Bd7 18. Re2 Bc6 19. Rfe1 Qd7 20. h4 Re6 21. b4 axb3 22. axb3 Rae8 23. Qb1 b5 24. cxb5 Bxb5 25. c4 Bc6 26. b4 Na4 27. Qc2 Nb6 28. b5 Bb7 29. Bc3 Qd8 30. Nf5 Rxe2 31. Rxe2 Rxe2 32. Qxe2 Ne8 33. g5 hxg5 34. hxg5 Kf8 35. f4 Bxg2 36. Qh5 Kg8 37. g6 fxg6 38. Qxg6 Qd7 39. Kxg2 Nxc4 40. Kf2 Nb6 41. Bxg7 Nxg7 42. Nh6+ Kf8 43. Qf6+ Ke8 44. Qg6+ 1/2-1/2

[Event "Oberliga NRW 8788 II"]
[Site "Germany"]
[Date "1988.??.??"]
[Round "3"]
[White "Gierse, Heinz Dieter"]
[Black "Maus, Siegfried"]
[Result "0-1"]
[WhiteElo "2080"]
[BlackElo "2135"]
[PlyCount "82"]
[EventDate "1987.10.??"]
[EventType "team"]
[EventRounds "9"]
[EventCountry "GER"]
[SourceTitle "EXT 1997"]
[Source "ChessBase"]
[SourceDate "1996.11.15"]
[SourceVersion "1"]
[SourceVersionDate "1996.11.15"]
[SourceQuality "1"]
[WhiteTeam "Bottrop"]
[BlackTeam "Frechen"]
[WhiteTeamCountry "GER"]
[BlackTeamCountry "GER"]

1. Nf3 d5 2. g3 Nf6 3. Bg2 c6 4. 0-0 Bf5 5. d3 e6 6. Nbd2 h6 7. Qe1 Be7 8. e4 Bh7 9. Qe2 0-0 10. Re1 a5 11. a3 Na6 12. e5 Nd7 13. Nf1 b5 14. h4 c5 15. Bf4 Qb6 16. Qd2 b4 17. g4 Rfd8 18. Ng3 c4 19. d4 c3 20. bxc3 bxc3 21. Qc1 Qb2 22. Qxb2 cxb2 23. Ra2 Rab8 24. Rb1 Bxc2 25. Rbxb2 Rxb2 26. Rxb2 Rc8 27. Bf1 Nab8 28. a4 Bxa4 29. Be2 Nc6 30. Rb7 Ndb8 31. g5 hxg5 32. hxg5 Bb4 33. g6 Nd8 34. gxf7+ Kf8 35. Ra7 Ndc6 36. Rb7 Nd8 37. Ra7 Nbc6 38. Rd7 Nxf7 39. Bd3 Ncxe5 40. Rxf7+ Nxf7 41. Bh7 Bc2 0-1

[Event "Lyngby op"]
[Site "Lyngby"]
[Date "1988.??.??"]
[Round "8"]
[White "Johansson, Lars Erik"]
[Black "Maus, Siegfried"]
[Result "1/2-1/2"]
[WhiteElo "2220"]
[BlackElo "2335"]
[PlyCount "69"]
[EventDate "1988.??.??"]
[EventType "swiss"]
[EventRounds "9"]
[EventCountry "DEN"]
[SourceTitle "TD"]
[Source "ChessBase"]
[SourceDate "1994.03.01"]
[SourceVersion "1"]
[SourceVersionDate "1994.03.01"]
[SourceQuality "1"]

1. d4 Nf6 2. Nf3 g6 3. c4 c5 4. Nc3 cxd4 5. Nxd4 Bg7 6. g3 Nc6 7. Bg2 0-0 8. 0-0 Nxd4 9. Qxd4 d6 10. Qd3 a6 11. Bg5 h6 12. Bd2 Rb8 13. Rac1 Nd7 14. Qc2 Nc5 15. b4 Nd7 16. Nd5 b6 17. h4 e6 18. Nf4 Bb7 19. Bxb7 Rxb7 20. Rfd1 Qc7 21. Nd3 h5 22. Bf4 Rc8 23. Qd2 Qb8 24. c5 bxc5 25. bxc5 Ne5 26. cxd6 Rxc1 27. Rxc1 Qxd6 28. Qe3 Rb5 29. Qe4 Qd5 30. Qxd5 Rxd5 31. Rc8+ Kh7 32. Bxe5 Bxe5 33. Ra8 a5 34. Nxe5 Rxe5 35. e3 1/2-1/2

[Event "Nuremberg op"]
[Site "Nuremberg"]
[Date "1988.??.??"]
[Round "6"]
[White "Maus, Siegfried"]
[Black "Brunner, Lucas"]
[Result "1-0"]
[WhiteElo "2335"]
[BlackElo "2415"]
[PlyCount "63"]
[EventDate "1988.??.??"]
[EventType "swiss"]
[EventRounds "7"]
[EventCountry "GER"]
[SourceTitle "EXT 1997"]
[Source "ChessBase"]
[SourceDate "1996.11.15"]
[SourceVersion "1"]
[SourceVersionDate "1996.11.15"]
[SourceQuality "1"]

1. e4 e5 2. Nf3 Nf6 3. Nxe5 d6 4. Nf3 Nxe4 5. Nc3 Nxc3 6. dxc3 Bg4 7. Be3 Be7 8. Be2 Nc6 9. Qd2 h6 10. 0-0-0 Qd7 11. h3 Be6 12. Kb1 a6 13. Rhe1 Bf6 14. Nd4 Nxd4 15. Bxd4 Bxd4 16. Qxd4 0-0 17. g4 Rfd8 18. f4 c5 19. Qd3 Qa4 20. c4 b5 21. Qb3 Qa5 22. f5 bxc4 23. Qf3 Bd7 24. Bxc4 Bb5 25. Bd5 Rab8 26. Re7 Qb6 27. Rxf7 Kh8 28. Qc3 Rg8 29. f6 g6 30. Rb7 Rxb7 31. f7+ Rg7 32. f8Q+ 1-0

[Event "Berliner Sommer 06th"]
[Site "Berlin West"]
[Date "1988.??.??"]
[Round "1"]
[White "Maus, Siegfried"]
[Black "Farago, Ivan"]
[Result "0-1"]
[WhiteElo "2335"]
[BlackElo "2480"]
[PlyCount "76"]
[EventDate "1988.08.06"]
[EventType "swiss"]
[EventRounds "9"]
[EventCountry "GER"]
[SourceTitle "TD"]
[Source "ChessBase"]
[SourceDate "1994.03.01"]
[SourceVersion "1"]
[SourceVersionDate "1994.03.01"]
[SourceQuality "1"]

1. c4 Nf6 2. Nc3 e5 3. Nf3 Nc6 4. g3 Bb4 5. Bg2 0-0 6. 0-0 e4 7. Ne1 Bxc3 8. dxc3 h6 9. Nc2 b6 10. Ne3 Bb7 11. Nd5 Ne5 12. b3 Re8 13. a4 a5 14. Ra2 d6 15. Qd4 Ned7 16. f4 exf3 17. exf3 Nxd5 18. cxd5 Qf6 19. Qxf6 Nxf6 20. c4 Nd7 21. Bd2 Nc5 22. Rb1 Bc8 23. g4 f5 24. h3 fxg4 25. fxg4 Bd7 26. Rab2 Re7 27. Rf1 Be8 28. Bf3 Bg6 29. Bd1 Rae8 30. Kg2 Bd3 31. Rg1 Rf8 32. Kh1 Rf2 33. Rg2 Rf1+ 34. Rg1 Rxg1+ 35. Kxg1 Rf7 36. Kg2 Be4+ 37. Kg3 Nd3 38. Ra2 Rf2 0-1